Sociologie du social et de l'intervention sociale (notice n° 1568626)
[ vue normale ]
| 000 -LEADER | |
|---|---|
| fixed length control field | 00691cam a2200133 4500500 |
| 005 - DATE AND TIME OF LATEST TRANSACTION | |
| control field | 20251214005045.0 |
| 041 ## - LANGUAGE CODE | |
| Language code of text/sound track or separate title | fre |
| 042 ## - AUTHENTICATION CODE | |
| Authentication code | dc |
| 100 10 - MAIN ENTRY--PERSONAL NAME | |
| Personal name | Astier, Isabelle |
| Relator term | author |
| 245 00 - TITLE STATEMENT | |
| Title | Sociologie du social et de l'intervention sociale |
| 260 ## - PUBLICATION, DISTRIBUTION, ETC. | |
| Name of publisher, distributor, etc. | Armand Colin,<br/> |
| Date of publication, distribution, etc. | 2010.<br/> |
| 520 ## - SUMMARY, ETC. | |
| Summary, etc. | . Première synthèse introductive à cette thématique.. Permet un lien entre la connaissance du social et les nombreuses formations et métiers qui y sont attachés.. Fait le point sur les débats autour de la « métamorphoses du social. ». |
| 856 41 - ELECTRONIC LOCATION AND ACCESS | |
| Uniform Resource Identifier | <a href="https://shs.cairn.info/sociologie-du-social-et-de-l-intervention-sociale--9782200243265?lang=fr&redirect-ssocas=7080">https://shs.cairn.info/sociologie-du-social-et-de-l-intervention-sociale--9782200243265?lang=fr&redirect-ssocas=7080</a> |
Pas d'exemplaire disponible.




Réseaux sociaux